Wireless, networking, radar, sensor array processing, and nonlinear signal processing
This volume, Wireless, Networking, Radar, Sensor Array Processing, and Nonlinear Signal Processing, provides complete coverage of the foundations of signal processing related to wireless, radar, space–time coding, and mobile communications, together with associated applications to networking, storag...
Saved in:
| Format: | Book |
|---|---|
| Language: | Undetermined |
| Published: |
Boca Raton, FL
CRC Press
2010
|
| Subjects: | |
| Tags: |
Add Tag
No Tags, Be the first to tag this record!
|
| Institutions: | Trung tâm Học liệu Trường Đại học Cần Thơ |
|---|
| LEADER | 01074nam a2200205Ia 4500 | ||
|---|---|---|---|
| 001 | CTU_154689 | ||
| 008 | 210402s9999 xx 000 0 und d | ||
| 020 | |c 1453500 | ||
| 082 | |a 621.3822 | ||
| 082 | |b W798 | ||
| 245 | 0 | |a Wireless, networking, radar, sensor array processing, and nonlinear signal processing | |
| 245 | 0 | |c editor-in-chief, Vijay K. Madisetti | |
| 260 | |a Boca Raton, FL | ||
| 260 | |b CRC Press | ||
| 260 | |c 2010 | ||
| 520 | |a This volume, Wireless, Networking, Radar, Sensor Array Processing, and Nonlinear Signal Processing, provides complete coverage of the foundations of signal processing related to wireless, radar, space–time coding, and mobile communications, together with associated applications to networking, storage, and communications. | ||
| 650 | |a Signal processing,Wireless communication systems,Computer networks,Xử lý tín hiệu,Hệ thống truyền thông không dây | ||
| 650 | |x Digital techniques,Kỹ thuật số | ||
| 904 | |i Giang, Năm | ||
| 980 | |a Trung tâm Học liệu Trường Đại học Cần Thơ | ||